000 00566nam a2200181Ia 4500
008 100917s9999 xx 000 0 und d
082 _b42601
100 _aश्रोत्रयि वि. कृ.
245 _aवत्सराज (आ. 4 थी)
260 _bश्रोत्रयि प्रकाशन
_c1980
300 _a68
365 _b5
520 _aबालविभाग
630 _aवत्सराज (आ. 4 थी)
650 _aबालविभाग
730 _aवत्सराज (आ. 4 थी)
942 _cBOOK
999 _c647995
_d647992